[Event "FISU World University-ch 2020"]
[Site "Online"]
[Date "2020.10.26"]
[Round "3.2"]
[White "Garcia Martin, Marta"]
[Black "Lu, Shanglei"]
[Result "1/2-1/2"]
[WhiteElo "2328"]
[BlackElo "2615"]
[Annotator "TA"]
[PlyCount "166"]
[EventDate "2020.10.26"]
[SourceTitle "playchess.com"]
[Source "ChessBase"]
[SourceQuality "1"]

1. e4 c5 2. Nf3 d6 3. Bb5+ Bd7 4. Bxd7+ Qxd7 5. c4 e5 6. Nc3 Nc6 7. d3 g6 8. a3 Bg7 9. Rb1 Nge7 10. b4 b6 11. O-O O-O 12. Nd5 f5 13. Re1 h6 14. Bb2 Nxd5 15. cxd5 Ne7 16. bxc5 bxc5 17. Bc3 g5 18. Qb3 fxe4 19. dxe4 Ng6 20. Qb7 Qg4 21. h3 Qf4 22. Qd7 Qf6 23. Rb7 Nf4 24. Re3 Rf7 25. Qxf7+ Qxf7 26. Rxf7 Kxf7 27. Nd2 Rb8 28. Kh2 Ke8 29. g3 Nh5 30. Nc4 Bf8 31. Ba5 Rb7 32. Rf3 Be7 33. Kg2 Bf8 34. Bd2 Be7 35. Ba5 Bf8 36. Bd2 Be7 37. Kf1 Rb1+ 38. Ke2 Bf8 39. Na5 Be7 40. Nc6 Nf6 41. Re3 a6 42. Kf3 h5 43. Kg2 g4 44. hxg4 hxg4 45. Na5 Rb2 46. Bc3 Rc2 47. Nc4 Nd7 48. Kf1 Bf8 49. Ke1 Ke7 50. Rd3 Bh6 51. Ne3 Bxe3 52. Rxe3 Nf6 53. Kf1 Kf7 54. Ke1 Kg6 55. Kf1 Kh5 56. Ke1 Kg5 57. Bd2 Kh5 58. Bc3 Kg6 59. Kf1 Kg5 60. Ke1 Nxe4 61. Bxe5 Kf5 62. Bf4 Rc3 63. Rxc3 Nxc3 64. Bxd6 c4 65. Bc5 Nxd5 66. Kd2 Ke4 67. Kc2 Kf3 68. Ba7 Nc7 69. a4 Nd5 70. Kd2 Ke4 71. Kc2 Nf6 72. Kc3 Kd5 73. Be3 Ne4+ 74. Kb4 c3 75. Kb3 a5 76. Bb6 Kc6 77. Bxa5 Nxf2 78. Bxc3 Ne4 79. Be5 Kb7 80. Kc4 Nxg3 81. Bxg3 Ka8 82. Kd5 Kb7 83. Ke4 Ka6 1/2-1/2

[Event "FISU World University-ch 2020"]
[Site "Online"]
[Date "2020.10.26"]
[Round "3.2"]
[White "Navarrete Espi, Samuel"]
[Black "Chen, Qi b"]
[Result "0-1"]
[WhiteElo "2251"]
[BlackElo "2493"]
[Annotator "ChessBase"]
[PlyCount "106"]
[EventDate "2020.10.26"]
[SourceTitle "playchess.com"]
[Source "ChessBase"]
[SourceQuality "1"]

1. e4 c5 2. Nf3 d6 3. d4 cxd4 4. Nxd4 Nf6 5. Nc3 a6 6. Be3 Ng4 7. Bc1 Nf6 8. Be3 e5 9. Nb3 Be6 10. f3 h5 11. Qd2 Nbd7 12. O-O-O Rc8 13. Kb1 Be7 14. g3 b5 15. Qf2 Rxc3 16. bxc3 Qc7 17. Qe1 d5 18. Bg2 O-O 19. h3 Rc8 20. g4 d4 21. Bc1 Nb6 22. Qf2 Qxc3 23. g5 Nfd7 24. f4 exf4 25. Bb2 Qe3 26. Bxd4 Qxf2 27. Bxf2 Na4 28. Bd4 Bxg5 29. Bf3 h4 30. Rhg1 f6 31. Bg4 Kf7 32. Bxe6+ Kxe6 33. Nd2 Nc3+ 34. Bxc3 Rxc3 35. Nb3 Ne5 36. Nd4+ Kf7 37. Nf5 g6 38. Nd6+ Ke6 39. Nb7 f3 40. Kb2 Rc7 41. Na5 Be3 42. Rgf1 Bb6 43. Nb3 Nc4+ 44. Kc1 Ne3 45. Rxf3 Nxd1 46. Kxd1 Rc4 47. Nd2 Ra4 48. Rc3 Kd6 49. Rd3+ Ke5 50. a3 g5 51. Nf3+ Kxe4 52. Rd6 Kxf3 53. Rxb6 f5 0-1

[Event "FISU World University-ch 2020"]
[Site "Online"]
[Date "2020.10.26"]
[Round "3.3"]
[White "Molenda, Marcin"]
[Black "Cimer, Emanuel"]
[Result "1/2-1/2"]
[WhiteElo "2349"]
[BlackElo "2247"]
[Annotator "NA"]
[PlyCount "62"]
[EventDate "2020.10.26"]
[SourceTitle "playchess.com"]
[Source "ChessBase"]
[SourceQuality "1"]

1. d4 Nf6 2. c4 g6 3. Nc3 Bg7 4. g3 O-O 5. Bg2 d6 6. Nf3 Nbd7 7. O-O e5 8. e4 c6 9. Qc2 Re8 10. d5 c5 11. h3 Rf8 12. Ne1 Ne8 13. Nd3 f5 14. f4 Qe7 15. Bd2 exf4 16. Bxf4 Ne5 17. Rae1 fxe4 18. Nxe4 Bf5 19. g4 Bxe4 20. Rxe4 Nf6 21. Bg5 h6 22. Nxe5 dxe5 23. Bxf6 Rxf6 24. Ree1 Raf8 25. Be4 Rxf1+ 26. Rxf1 Rxf1+ 27. Kxf1 Qf6+ 28. Kg2 g5 29. b3 Bf8 30. Bf5 Bd6 31. Qe4 b6 1/2-1/2

[Event "FISU World University-ch 2020"]
[Site "Online"]
[Date "2020.10.26"]
[Round "3.3"]
[White "Benedetti, Julio"]
[Black "Lewicki, Miroslaw"]
[Result "0-1"]
[WhiteElo "2282"]
[BlackElo "2348"]
[Annotator "TA"]
[PlyCount "106"]
[EventDate "2020.10.26"]
[SourceTitle "playchess.com"]
[Source "ChessBase"]
[SourceQuality "1"]

1. e4 c5 2. Nc3 d6 3. f4 g6 4. Nf3 Bg7 5. Bc4 e6 6. f5 exf5 7. d3 Ne7 8. O-O O-O 9. Qe1 h6 10. Qh4 fxe4 11. Bg5 exf3 12. Bxe7 g5 13. Qe4 Bf5 14. Qxb7 Qd7 15. Qxf3 Qxe7 16. Qxa8 Qd7 17. Bb5 Qe6 18. Rae1 Be5 19. Nd5 Bg6 20. Qb7 Kg7 21. Kh1 Qg4 22. Qc7 Qd4 23. Ne7 Bh7 24. c3 Qg4 25. Nd5 Qe6 26. Bc4 Bxd3 27. Bxd3 Qxd5 28. Be4 Qxa2 29. Qb7 Qa6 30. Qd5 Nd7 31. Bd3 Qb6 32. Qe4 Nf6 33. Qf5 Re8 34. h4 gxh4 35. Re4 Re6 36. Rxh4 Qxb2 37. Rg4+ Kf8 38. Ra4 Re7 39. Qh3 Qd2 40. Rh4 Kg7 41. Qf5 Qg5 42. Qh3 Bg3 43. Ra4 d5 44. Ra6 Nh5 45. Bf5 Bf4 46. Bg4 Ng3+ 47. Kg1 Be3+ 48. Rf2 Ne4 49. Raa2 Nxf2 50. Rxf2 Bxf2+ 51. Kxf2 Qd2+ 52. Kg1 Re1+ 53. Kh2 Qf4+ 0-1

[Event "FISU World University-ch 2020"]
[Site "Online"]
[Date "2020.10.26"]
[Round "3.3"]
[White "Kubicka, Anna"]
[Black "Curatolo, Nicolas Matias"]
[Result "1-0"]
[WhiteElo "2252"]
[BlackElo "1665"]
[Annotator "NA"]
[PlyCount "67"]
[EventDate "2020.10.26"]
[SourceTitle "playchess.com"]
[Source "ChessBase"]
[SourceQuality "1"]

1. e4 c5 2. Ne2 d6 3. g3 Nc6 4. Bg2 g6 5. O-O Bg7 6. c3 e5 7. Na3 Rb8 8. Nc2 Nge7 9. d4 cxd4 10. cxd4 exd4 11. Nexd4 O-O 12. Be3 a6 13. Rc1 Be6 14. Nxe6 fxe6 15. Nd4 Nxd4 16. Bxd4 e5 17. Bc3 Qd7 18. Qb3+ Kh8 19. Rfd1 Nc6 20. Rd5 Nd4 21. Bxd4 exd4 22. Re1 Rbe8 23. f4 Qc7 24. Qb4 Rd8 25. Bf1 Rfe8 26. Bd3 b5 27. h4 Qd7 28. Kg2 Re7 29. h5 g5 30. Rxg5 Bh6 31. Qxd4+ Bg7 32. Rxg7 Rxg7 33. h6 Rdg8 34. f5 1-0

[Event "FISU World University-ch 2020"]
[Site "Online"]
[Date "2020.10.26"]
[Round "3.3"]
[White "Campos, Maria Jose"]
[Black "Eggink, Ryszard"]
[Result "0-1"]
[WhiteElo "2112"]
[BlackElo "2387"]
[Annotator "NA"]
[PlyCount "76"]
[EventDate "2020.10.26"]
[SourceTitle "playchess.com"]
[Source "ChessBase"]
[SourceQuality "1"]

1. c4 Nf6 2. g3 e6 3. Bg2 d5 4. Nf3 Be7 5. O-O O-O 6. b3 d4 7. e3 c5 8. exd4 cxd4 9. Re1 Re8 10. d3 Nc6 11. Ba3 Bxa3 12. Nxa3 e5 13. Nc2 a5 14. a3 Bf5 15. Ng5 h6 16. Ne4 Nxe4 17. Bxe4 Bxe4 18. Rxe4 f5 19. Re2 e4 20. Qd2 Ne5 21. Ne1 exd3 22. Rxe5 Rxe5 23. Nxd3 Re4 24. Nc5 Re7 25. Rd1 Qd6 26. b4 axb4 27. axb4 Rae8 28. Nd3 Re2 29. Qc1 Kh8 30. Nf4 R2e4 31. c5 Qc6 32. h4 g5 33. hxg5 hxg5 34. Nh3 Qg6 35. Nxg5 Rg4 36. Nf3 Rxg3+ 37. Kf1 Rxf3 38. Rxd4 Rh3 0-1

[Event "FISU World University-ch 2020"]
[Site "Online"]
[Date "2020.10.26"]
[Round "3.4"]
[White "Livaic, Leon"]
[Black "Zarubitski, Viachaslau"]
[Result "0-1"]
[WhiteElo "2507"]
[BlackElo "2442"]
[Annotator "TA"]
[PlyCount "134"]
[EventDate "2020.10.26"]
[SourceTitle "playchess.com"]
[Source "ChessBase"]
[SourceQuality "1"]

1. d4 d5 2. c4 c6 3. cxd5 cxd5 4. Bf4 Nc6 5. e3 Nf6 6. Nc3 Bf5 7. Qb3 Na5 8. Qa4+ Bd7 9. Qc2 e6 10. Bd3 Rc8 11. Nf3 Bb4 12. O-O Nh5 13. Bg5 f6 14. Bf4 Nxf4 15. exf4 g6 16. Rfe1 Kf7 17. h4 Bxc3 18. bxc3 Qc7 19. Re3 Kg7 20. f5 gxf5 21. h5 Qxc3 22. h6+ Kxh6 23. Qd1 f4 24. Re1 Rhg8 25. Rb1 Rg7 26. Bf1 Rcg8 27. Rc1 Qa3 28. Rc7 Qd6 29. Rc3 Rg4 30. Nh2 Rh4 31. Nf3 Rh5 32. Qc1 Nc6 33. Qd1 Kg7 34. Ne5 Rg5 35. Nf3 Rg6 36. Nh4 Rg5 37. Nf3 Rg6 38. Nh4 Qb4 39. Rb3 Qxd4 40. Rxb7 Rd8 41. Qc1 Ne5 42. Qc7 Nf7 43. Nxg6 hxg6 44. Rxa7 f3 45. g3 g5 46. Re3 g4 47. a4 f5 48. a5 Qf6 49. a6 Qh6 50. Qxd7 Rxd7 51. Rxd7 Qf6 52. Ra3 Qb2 53. Ra5 Qb6 54. Ra3 Qb2 55. Re3 Kf6 56. a7 Qa2 57. Rc3 Ng5 58. Re3 Ne4 59. Rxe4 fxe4 60. Rb7 Qa1 61. Rd7 Ke5 62. Rg7 d4 63. Rg5+ Kf6 64. Rxg4 e3 65. fxe3 dxe3 66. Rf4+ Kg5 67. Rxf3 e2 0-1

[Event "FISU World University-ch 2020"]
[Site "Online"]
[Date "2020.10.26"]
[Round "3.4"]
[White "Nikitenko, Mihail"]
[Black "Bosnjak, Petar"]
[Result "1-0"]
[WhiteElo "2436"]
[BlackElo "2308"]
[Annotator "NA"]
[PlyCount "53"]
[EventDate "2020.10.26"]
[SourceTitle "playchess.com"]
[Source "ChessBase"]
[SourceQuality "1"]

1. c4 e5 2. g3 Nf6 3. Bg2 d5 4. cxd5 Nxd5 5. Nc3 Nb6 6. e3 Nc6 7. Nge2 Bf5 8. d4 exd4 9. exd4 Qd7 10. O-O O-O-O 11. Bf4 Bh3 12. Bxh3 Qxh3 13. Rc1 Bd6 14. d5 Ne5 15. f3 Kb8 16. a4 Ng6 17. Bxd6 Rxd6 18. a5 Nc4 19. Qd4 Nxa5 20. Nb5 Rb6 21. Qa4 Qd7 22. Ned4 Qxd5 23. Qxa5 a6 24. Rxc7 Rxb5 25. Nxb5 Ne5 26. Rc3 Nc4 27. Qc7+ 1-0

[Event "FISU World University-ch 2020"]
[Site "Online"]
[Date "2020.10.26"]
[Round "3.4"]
[White "Muha, Miljenko"]
[Black "Ivannikau, Maksim"]
[Result "0-1"]
[WhiteElo "2295"]
[BlackElo "2224"]
[Annotator "NA"]
[PlyCount "90"]
[EventDate "2020.10.26"]
[SourceTitle "playchess.com"]
[Source "ChessBase"]
[SourceQuality "1"]

1. d4 Nf6 2. c4 g6 3. Nc3 Bg7 4. e4 O-O 5. Be2 d6 6. h4 e5 7. d5 Nfd7 8. g4 a5 9. Be3 Na6 10. Qd2 f5 11. gxf5 gxf5 12. exf5 Ndc5 13. Bg4 e4 14. O-O-O Nd3+ 15. Kb1 Ne5 16. Be2 Bxf5 17. Ka1 Nc5 18. f3 exf3 19. Nxf3 Nxf3 20. Bxf3 a4 21. Bxc5 dxc5 22. a3 Ra6 23. h5 h6 24. Rhg1 Kh8 25. Rdf1 Raf6 26. Qg2 Qd7 27. Bd1 Bh3 28. Rxf6 Bxg2 29. Rxf8+ Bxf8 30. Rxg2 Qh3 31. Re2 Qxh5 32. Bxa4 Qg4 33. Re8 Kg7 34. Bb3 h5 35. Bd1 Qxc4 36. Bxh5 Qh4 37. Be2 Kf7 38. Re4 Qh1+ 39. Ka2 Bg7 40. Rf4+ Ke7 41. Na4 Qxd5+ 42. Bc4 Qe5 43. Rf2 Qd4 44. Re2+ Kd6 45. b3 Qa1# 0-1

[Event "FISU World University-ch 2020"]
[Site "Online"]
[Date "2020.10.26"]
[Round "3.4"]
[White "Ilyuchyk, Yana"]
[Black "Ivekovic, Tihana"]
[Result "1-0"]
[WhiteElo "2119"]
[BlackElo "2127"]
[Annotator "NA"]
[PlyCount "53"]
[EventDate "2020.10.26"]
[SourceTitle "playchess.com"]
[Source "ChessBase"]
[SourceQuality "1"]

1. e4 e6 2. d4 d5 3. Nc3 Bb4 4. e5 c5 5. a3 Bxc3+ 6. bxc3 Ne7 7. Nf3 Qa5 8. Bd2 c4 9. h4 Bd7 10. h5 h6 11. g3 Nbc6 12. Bh3 O-O-O 13. O-O a6 14. a4 Kb8 15. Nh4 Nc8 16. f4 Rdg8 17. f5 exf5 18. Bxf5 Bxf5 19. Rxf5 Nd8 20. Qb1 Ne7 21. Rf3 g6 22. hxg6 Nxg6 23. Nf5 h5 24. Nd6 Rg7 25. Bg5 Qc7 26. Bf6 Rhg8 27. Bxg7 1-0

[Event "FISU World University-ch 2020"]
[Site "Online"]
[Date "2020.10.26"]
[Round "3.5"]
[White "Suarez Gomez, Julio"]
[Black "Yeoh, Li Tian"]
[Result "0-1"]
[WhiteElo "2426"]
[BlackElo "2523"]
[Annotator "ChessBase"]
[PlyCount "88"]
[EventDate "2020.10.26"]
[SourceTitle "playchess.com"]
[Source "ChessBase"]
[SourceQuality "1"]

1. d4 Nf6 2. c4 c5 3. d5 e6 4. Nc3 exd5 5. cxd5 g6 6. Nf3 d6 7. Bf4 a6 8. a4 Bg7 9. h3 O-O 10. e3 Ne8 11. Be2 Nd7 12. O-O Qe7 13. Nd2 Ne5 14. Bg3 f5 15. f4 Nd3 16. Rf3 Nb4 17. Nc4 Nf6 18. Bh4 Bd7 19. a5 Be8 20. Rf1 Bb5 21. Re1 Rfe8 22. Bf1 Bxc4 23. Bxc4 Qc7 24. Qb3 Ne4 25. Nxe4 Rxe4 26. Bf2 Rae8 27. Kh1 Bf6 28. Be2 Qg7 29. Rab1 Qh6 30. Bf3 R4e7 31. Re2 Bh4 32. Bg1 Bg3 33. Qc4 Qh4 34. Rc1 Re4 35. Bxe4 Rxe4 36. Qb3 Bxf4 37. Rc4 Be5 38. Rxe4 Qxe4 39. Rd2 Kf7 40. Rd1 Ke7 41. Bf2 Kd8 42. Bh4+ Qxh4 43. Rf1 Qe4 44. Rf3 Kc7 0-1

[Event "FISU World University-ch 2020"]
[Site "Online"]
[Date "2020.10.26"]
[Round "3.5"]
[White "Tan, Li Ting"]
[Black "Abal Cores, Lucas"]
[Result "1/2-1/2"]
[WhiteElo "2087"]
[BlackElo "2315"]
[Annotator "TA"]
[PlyCount "135"]
[EventDate "2020.10.26"]
[SourceTitle "playchess.com"]
[Source "ChessBase"]
[SourceQuality "1"]

1. d4 f5 2. c4 Nf6 3. Nc3 d6 4. Bg5 Nbd7 5. Qc2 g6 6. e3 Bg7 7. Bd3 O-O 8. Nge2 c6 9. O-O e5 10. f3 Qe8 11. Rad1 b6 12. d5 cxd5 13. cxd5 a6 14. e4 Nc5 15. Nc1 fxe4 16. fxe4 Bd7 17. h3 h6 18. Be3 g5 19. Be2 a5 20. Nb3 Qg6 21. Nxc5 bxc5 22. Rde1 Rab8 23. Bc1 g4 24. hxg4 Bxg4 25. Bxg4 Nxg4 26. Qd3 h5 27. b3 Bh6 28. Bxh6 Qxh6 29. Qg3 Qg5 30. Rf3 h4 31. Qh3 Rxf3 32. gxf3 Nh6+ 33. Kh1 Qf6 34. Rg1+ Kh8 35. Nb1 Rf8 36. Nd2 Qf4 37. Qh2 Kh7 38. Qxf4 Rxf4 39. Kg2 Nf7 40. Kf2 Kh6 41. Ke3 Ng5 42. Rh1 Kh5 43. Rg1 h3 44. Rh1 Kh4 45. Rh2 Nf7 46. Rh1 Nh6 47. Nc4 Rf6 48. Nd2 Rg6 49. Kf2 Rg2+ 50. Ke3 h2 51. Nf1 Kh3 52. a3 Nf7 53. f4 exf4+ 54. Kxf4 Ne5 55. Kf5 Nf3 56. Nxh2 Nxh2 57. e5 dxe5 58. Kxe5 Kg4 59. Kd6 Rc2 60. Kc7 Nf3 61. d6 Ne5 62. d7 Nxd7 63. Kxd7 Rb2 64. Kd6 Rxb3 65. Kxc5 Rxa3 66. Kc4 Kf4 67. Re1 Kf3 68. Re8 1/2-1/2

[Event "FISU World University-ch 2020"]
[Site "Online"]
[Date "2020.10.26"]
[Round "3.5"]
[White "Picos Maiztegui, Miguel"]
[Black "Azhar, Puteri Munajjah Az-Z"]
[Result "0-1"]
[WhiteElo "2083"]
[BlackElo "2046"]
[Annotator "NA"]
[PlyCount "80"]
[EventDate "2020.10.26"]
[SourceTitle "playchess.com"]
[Source "ChessBase"]
[SourceQuality "1"]

1. e4 g6 2. d4 Bg7 3. Be3 d6 4. Nc3 Nf6 5. h4 h5 6. Nh3 d5 7. e5 Ng4 8. Ng5 O-O 9. Be2 Nh6 10. f3 f6 11. exf6 exf6 12. Nh3 Re8 13. Bf2 Bf5 14. Nf4 c6 15. O-O Qd7 16. Qd2 Nf7 17. Rae1 b5 18. Bd3 Na6 19. Nce2 Bh6 20. c3 Nc7 21. Qc2 Bxd3 22. Qxd3 Nh8 23. Nxg6 Qf7 24. Nxh8 Kxh8 25. Ng3 Ne6 26. Be3 Bf8 27. Bc1 Bd6 28. Nf5 Bc7 29. Re2 Nf4 30. Bxf4 Bxf4 31. Rfe1 Qg6 32. Qc2 Rxe2 33. Rxe2 Re8 34. Rxe8+ Qxe8 35. Kf2 Qg6 36. g3 Bxg3+ 37. Ke2 Bxh4 38. a4 Qg2+ 39. Kd3 Qxf3+ 40. Ne3 Bg5 0-1

[Event "FISU World University-ch 2020"]
[Site "Online"]
[Date "2020.10.26"]
[Round "3.5"]
[White "Sivanesan, Subramanian"]
[Black "Garcia Alvarez, Paula"]
[Result "1-0"]
[WhiteElo "1977"]
[BlackElo "1661"]
[Annotator "NA RC"]
[PlyCount "93"]
[EventDate "2020.10.26"]
[SourceTitle "playchess.com"]
[Source "ChessBase"]
[SourceQuality "1"]

1. e4 d5 2. exd5 Qxd5 3. Nc3 Qa5 4. d4 c6 5. Nf3 Nf6 6. Bc4 b5 7. Bb3 Qc7 8. Ne5 e6 9. O-O Bd6 10. Re1 O-O 11. Qf3 Bb7 12. Qg3 Rd8 13. Bh6 Bf8 14. Bg5 Be7 15. Qh3 Bc8 16. Rad1 a5 17. a4 b4 18. Ne2 Nd5 19. Bxe7 Qxe7 20. Nc1 Bb7 21. Ncd3 Na6 22. Re4 c5 23. Rh4 Nf6 24. Re1 Rxd4 25. Rxd4 cxd4 26. Nxf7 Nd5 27. Nfe5 Rf8 28. Nf3 Nac7 29. Nxd4 Qf6 30. Nf3 Kh8 31. Qg3 Ne8 32. h4 Nec7 33. Qg5 Qf7 34. Nfe5 Qe8 35. Nf3 Qf7 36. Qe5 h6 37. Qd6 Ne8 38. Qg3 Nec7 39. Nde5 Qf6 40. Ng6+ Kh7 41. Nxf8+ Qxf8 42. Qe5 Qc5 43. Qd4 Qc6 44. Ne5 Qe8 45. Qe4+ Kg8 46. Qg6 Nf4 47. Qxe8+ 1-0

[Event "FISU World University-ch 2020"]
[Site "Online"]
[Date "2020.10.26"]
[Round "3.6"]
[White "Albornoz Cabrera, Carlos Daniel"]
[Black "Chylewski, Patryk"]
[Result "1-0"]
[WhiteElo "2573"]
[BlackElo "2330"]
[Annotator "TA"]
[PlyCount "113"]
[EventDate "2020.10.26"]
[SourceTitle "playchess.com"]
[Source "ChessBase"]
[SourceQuality "1"]

1. e4 c5 2. Nf3 d6 3. d4 cxd4 4. Nxd4 Nf6 5. Nc3 a6 6. h4 e5 7. Nb3 Be7 8. Bg5 Be6 9. Bxf6 Bxf6 10. g3 Nc6 11. Qd2 O-O 12. O-O-O Qb6 13. Nd5 Bxd5 14. exd5 Nd4 15. Nxd4 Qxd4 16. Qxd4 exd4 17. Bh3 Rfe8 18. Rhe1 Kf8 19. Kd2 Red8 20. Rh1 b5 21. Bf5 g6 22. Be4 Rac8 23. Kd3 Re8 24. Rde1 Bg7 25. Bg2 Rc7 26. Rxe8+ Kxe8 27. Re1+ Re7 28. Rxe7+ Kxe7 29. Bh3 f5 30. Bf1 Kf6 31. b4 Ke5 32. f4+ Kf6 33. Kxd4 Ke7+ 34. Kd3 Kd7 35. h5 Kd8 36. c4 bxc4+ 37. Kxc4 Kc7 38. a4 Bf6 39. Be2 Kb6 40. a5+ Kb7 41. Bd1 Kc7 42. Bc2 Bg7 43. Ba4 gxh5 44. Bc2 Bf6 45. Bxf5 h6 46. Bh3 h4 47. g4 Kd8 48. b5 axb5+ 49. Kxb5 Kc7 50. a6 Bd4 51. g5 hxg5 52. fxg5 Kd8 53. Kc6 Ke7 54. Kb7 Kf7 55. Bf5 h3 56. Bxh3 Kg6 57. Be6 1-0

[Event "FISU World University-ch 2020"]
[Site "Online"]
[Date "2020.10.26"]
[Round "3.6"]
[White "Elias Reyes, Jorge Roberto"]
[Black "Kiolbasa, Oliwia"]
[Result "1-0"]
[WhiteElo "2428"]
[BlackElo "2260"]
[Annotator "NA"]
[PlyCount "63"]
[EventDate "2020.10.26"]
[SourceTitle "playchess.com"]
[Source "ChessBase"]
[SourceQuality "1"]

1. e4 e5 2. Nf3 Nc6 3. Bc4 Bc5 4. c3 Nf6 5. d3 O-O 6. O-O d6 7. a4 a5 8. h3 h6 9. Re1 Be6 10. Nbd2 Re8 11. Bb5 Qb8 12. d4 exd4 13. cxd4 Nxd4 14. Nxd4 Bxd4 15. Bxe8 Qxe8 16. Nf3 Bc5 17. Nd4 Bd7 18. Bf4 Qb8 19. e5 Nd5 20. Bg3 Nb4 21. exd6 Bxd4 22. Qxd4 Nc2 23. dxc7 Qxc7 24. Bxc7 Nxd4 25. Rad1 Nc2 26. Re5 Bxa4 27. Rxa5 Rc8 28. Rxa4 Rxc7 29. Rc1 Kf8 30. b3 Rc6 31. Ra8+ Ke7 32. Ra7 1-0

[Event "FISU World University-ch 2020"]
[Site "Online"]
[Date "2020.10.26"]
[Round "3.6"]
[White "Sliwicka, Alicja"]
[Black "Campos Jimenez, Augusto Cesar"]
[Result "1-0"]
[WhiteElo "2311"]
[BlackElo "2353"]
[Annotator "TA"]
[PlyCount "137"]
[EventDate "2020.10.26"]
[SourceTitle "playchess.com"]
[Source "ChessBase"]
[SourceQuality "1"]

1. e4 c5 2. Nf3 e6 3. d4 cxd4 4. Nxd4 Nc6 5. Nc3 Qc7 6. Nb3 Nf6 7. Bd3 a6 8. O-O d6 9. Bd2 Be7 10. f4 b5 11. Qf3 Bb7 12. Rae1 O-O-O 13. a4 b4 14. Na2 h5 15. Kh1 d5 16. exd5 Rxd5 17. Qe2 a5 18. Ba6 h4 19. Bxb7+ Qxb7 20. Qf3 h3 21. g3 Rhd8 22. Be3 g5 23. Kg1 gxf4 24. Bxf4 e5 25. Be3 e4 26. Qf4 Ne5 27. Nd4 Ng6 28. Qf2 Ng4 29. Qxf7 Nxe3 30. Rxe3 Bc5 31. Qe6+ R5d7 32. c3 Qb6 33. Rxe4 Qxe6 34. Rxe6 Rd6 35. Rff6 Bxd4+ 36. cxd4 Rxd4 37. Rxg6 Rd2 38. Rc6+ Kb7 39. Rb6+ Ka7 40. Ra6+ Kb7 41. Rab6+ Ka7 42. Ra6+ Kb7 43. Rab6+ Kc7 44. Rbc6+ Kd7 45. Rc1 Rf8 46. Rh6 Rxb2 47. Rd1+ Kc7 48. Nc1 Rg2+ 49. Kh1 Rd2 50. Re1 Re8 51. Rg1 Re3 52. Rxh3 b3 53. Nxb3 Rxb3 54. Rh5 Kb6 55. Rf1 Rd6 56. Rhf5 Rb2 57. R1f2 Rb4 58. R5f4 Rdd4 59. Rxd4 Rxd4 60. Rf4 Rd2 61. h4 Kc6 62. Rf5 Kb6 63. h5 Ra2 64. h6 Re2 65. h7 Re8 66. g4 Rh8 67. Rh5 Kc6 68. g5 Kd6 69. g6 1-0

[Event "FISU World University-ch 2020"]
[Site "Online"]
[Date "2020.10.26"]
[Round "3.6"]
[White "Kokoszczynski, Jan"]
[Black "Palmero Martinez, Rachel"]
[Result "1-0"]
[WhiteElo "2221"]
[BlackElo "2099"]
[Annotator "NA"]
[PlyCount "79"]
[EventDate "2020.10.26"]
[SourceTitle "playchess.com"]
[Source "ChessBase"]
[SourceQuality "1"]

1. d4 Nf6 2. c4 g6 3. Nc3 Bg7 4. e4 d6 5. Be2 O-O 6. Be3 e5 7. d5 Nbd7 8. g4 a5 9. h4 Nc5 10. f3 Nfd7 11. h5 g5 12. h6 Bf6 13. Qd2 Be7 14. Bd1 Re8 15. Na4 Nf8 16. Nxc5 dxc5 17. Ba4 Bd7 18. Bxd7 Nxd7 19. Ne2 Nf8 20. O-O-O Ng6 21. Rh5 Nh4 22. Bxg5 Nxf3 23. Bxe7 Qxe7 24. Qe3 Nd4 25. Rf1 Ra6 26. Ng3 Rg6 27. Nf5 Qd7 28. Kb1 Qa4 29. Nxd4 cxd4 30. Qf3 Rf8 31. Rf5 Qd7 32. g5 Qe7 33. Qg3 Qb4 34. Qxe5 Qxc4 35. Rc1 Qd3+ 36. Ka1 Qd2 37. Rcf1 Qd3 38. a3 Qb5 39. Rf6 Rxf6 40. Qxf6 1-0

[Event "FISU World University-ch 2020"]
[Site "Online"]
[Date "2020.10.26"]
[Round "3.7"]
[White "Bakhmatsky, Vladislav"]
[Black "Daeschler, Florian"]
[Result "1-0"]
[WhiteElo "2438"]
[BlackElo "2254"]
[Annotator "NA"]
[PlyCount "69"]
[EventDate "2020.10.26"]
[SourceTitle "playchess.com"]
[Source "ChessBase"]
[SourceQuality "1"]

1. e4 e5 2. Nf3 Nc6 3. Bc4 Nf6 4. d3 Be7 5. O-O O-O 6. Re1 d6 7. a4 Na5 8. Ba2 c5 9. c3 Nc6 10. Na3 h6 11. Bd2 a6 12. h3 Re8 13. Nc2 Bf8 14. b4 Be6 15. Bxe6 fxe6 16. b5 Ne7 17. Ne3 Ng6 18. Nc4 Nd7 19. Qb3 d5 20. exd5 exd5 21. Ne3 Nf6 22. Ng4 Nxg4 23. hxg4 Kh8 24. Re2 e4 25. dxe4 dxe4 26. Rae1 exf3 27. Rxe8 Qxd2 28. Qf7 Rxe8 29. Rxe8 Qd1+ 30. Kh2 Qd6+ 31. g3 axb5 32. axb5 b6 33. Re6 Qd2 34. Qxf3 Kh7 35. Rxg6 1-0

[Event "FISU World University-ch 2020"]
[Site "Online"]
[Date "2020.10.26"]
[Round "3.7"]
[White "Martynkova, Olena"]
[Black "Afraoui, Anaelle"]
[Result "1-0"]
[WhiteElo "2222"]
[BlackElo "2120"]
[Annotator "TA"]
[PlyCount "95"]
[EventDate "2020.10.26"]
[SourceTitle "playchess.com"]
[Source "ChessBase"]
[SourceQuality "1"]

1. d4 Nf6 2. Nf3 g6 3. g3 Bg7 4. c4 O-O 5. Bg2 d6 6. O-O Nbd7 7. Nc3 c6 8. e4 e5 9. h3 Qb6 10. c5 dxc5 11. dxe5 Ne8 12. e6 fxe6 13. Ng5 Ne5 14. f4 Nf7 15. Nxf7 Bd4+ 16. Kh2 Rxf7 17. e5 Rd7 18. Qg4 Rf7 19. Ne4 Qc7 20. h4 Qe7 21. Qe2 Rf8 22. Be3 Bxe3 23. Qxe3 b6 24. Rfd1 Ba6 25. Qb3 Kg7 26. Rd2 Nc7 27. Rd6 Nd5 28. Ng5 Bc8 29. Rxc6 h6 30. Nxe6+ Bxe6 31. Bxd5 Bxd5 32. Qxd5 Rad8 33. Rd6 Rxd6 34. Qxd6 Qxd6 35. exd6 Rd8 36. Rd1 Kf6 37. g4 Ke6 38. Kg3 Rxd6 39. Rxd6+ Kxd6 40. g5 h5 41. f5 gxf5 42. Kf4 Ke6 43. a4 a6 44. g6 b5 45. axb5 axb5 46. Kg5 f4 47. Kh6 f3 48. g7 1-0

[Event "FISU World University-ch 2020"]
[Site "Online"]
[Date "2020.10.26"]
[Round "3.7"]
[White "Cahen, Alexis"]
[Black "Osmak, Iulija"]
[Result "0-1"]
[WhiteElo "2131"]
[BlackElo "2438"]
[Annotator "TA"]
[PlyCount "140"]
[EventDate "2020.10.26"]
[SourceTitle "playchess.com"]
[Source "ChessBase"]
[SourceQuality "1"]

1. e4 e6 2. d4 d5 3. exd5 exd5 4. Bf4 Nc6 5. Nf3 Bg4 6. Be2 Nge7 7. O-O Ng6 8. Bg5 f6 9. Be3 Bd6 10. c4 dxc4 11. Qa4 O-O 12. Qxc4+ Kh8 13. h3 Bf5 14. Bd3 Qd7 15. Bxf5 Qxf5 16. Nbd2 Nce7 17. Rac1 c6 18. Qc2 Qxc2 19. Rxc2 Nd5 20. Ne4 Be7 21. a3 Rae8 22. Ng3 Bd6 23. Nf5 Bc7 24. b4 Nge7 25. Nxe7 Rxe7 26. Bc1 a6 27. Rd1 Rfe8 28. Kf1 Kg8 29. Re1 Kf7 30. Rxe7+ Rxe7 31. Ne1 Bb6 32. Bb2 Nf4 33. Rd2 Rd7 34. Bc3 Ke6 35. Nd3 Nxd3 36. Rxd3 Kd5 37. Ke2 Kc4 38. Rg3 g6 39. Kd2 Bxd4 40. Bxd4 Rxd4+ 41. Kc2 Kd5 42. Re3 Re4 43. Rd3+ Ke6 44. Kc3 Re2 45. Rf3 f5 46. Kc4 b6 47. a4 Kd6 48. Rd3+ Kc7 49. Rf3 a5 50. bxa5 Re4+ 51. Kb3 bxa5 52. g4 f4 53. g5 c5 54. Ka3 c4 55. h4 Kc6 56. h5 Kd5 57. Rh3 Ke5 58. hxg6 hxg6 59. Rh7 Kf5 60. Rc7 Re5 61. Rxc4 Kxg5 62. Kb2 Re2+ 63. Kc3 Rxf2 64. Rc5+ Kg4 65. Rxa5 f3 66. Kd3 g5 67. Rb5 Ra2 68. a5 f2 69. Rb1 Kf3 70. Kd4 Rxa5 0-1